[Event "38th Blackpool Congress 2014"]
[Site "Blackpool ENG"]
[Date "2014.03.09"]
[Round "4.3"]
[White "Merriman, John"]
[Black "Ledger, Dave J"]
[Result "1/2-1/2"]
[BlackTitle "FM"]
[WhiteElo "2253"]
[BlackElo "2244"]
[WhiteFideId "402362"]
[BlackFideId "401986"]
[EventDate "2014.03.07"]

1. d4 Nf6 2. c4 g6 3. Nc3 Bg7 4. e4 d6 5. f3 O-O 6. Be3 c5 7. Nge2 Nc6 8. d5 Ne5
9. Nc1 e6 10. Be2 exd5 11. cxd5 a6 12. a4 h5 13. O-O Nh7 14. Qd2 Re8 15. Ra3 f5
16. N1a2 Nf6 17. h3 fxe4 18. Nxe4 Nf7 19. Nac3 Bf5 20. Bd3 Ne5 21. Be2 Nf7 22.
Bd3 Ne5 23. Be2 Nxe4 24. fxe4 Bc8 25. Bg5 Qc7 26. Nd1 Bd7 27. Bf6 Rf8 28. Qg5
Bxf6 29. Rxf6 Rxf6 30. Qxf6 Rf8 31. Qg5 Qa5 32. Bxh5 Qe1+ 33. Kh2 Qxe4 34. Rg3
Kh7 35. Ne3 Rf7 36. Ng4 Bxg4 37. Bxg4 Qxd5 38. Bh5 Qe4 39. h4 Qf5 40. Qxf5 Rxf5
41. Bd1 Rf4 42. Kh3 Kh6 43. Rb3 Rb4 44. Rxb4 cxb4 45. Kg3 g5 46. h5 a5 47. b3 d5
48. Kf2 d4 49. g4 Kg7 50. Kg3 Kf6 51. Bc2 Nf7 52. Kf3 Ke5 53. Bg6 Nh6 54. Bd3 b6
55. Bg6 Kd5 56. Bd3 Ke5 57. Bc4 1/2-1/2

[Event "38th Blackpool Congress 2014"]
[Site "Blackpool ENG"]
[Date "2014.03.09"]
[Round "4.4"]
[White "Walker, David J"]
[Black "Walton, Alan J"]
[Result "1-0"]
[WhiteTitle "FM"]
[BlackTitle "CM"]
[WhiteElo "2271"]
[BlackElo "2104"]
[WhiteFideId "400882"]
[BlackFideId "409898"]
[EventDate "2014.03.07"]

1. c4 f5 2. g3 Nf6 3. Bg2 d6 4. Nc3 e5 5. d3 Be7 6. f4 c6 7. Nh3 O-O 8. Nf2 Nbd7
9. O-O Qe8 10. b4 exf4 11. gxf4 Qh5 12. e3 Qxd1 13. Rxd1 Nb6 14. Bd2 Be6 15. a4
d5 16. a5 Nbd7 17. a6 b6 18. b5 dxc4 19. dxc4 Bxc4 20. Bxc6 Rad8 21. Na4 Nb8 22.
Rdc1 Rxd2 23. Rxc4 Ng4 24. Nxg4 fxg4 25. Be4 Bh4 26. Rf1 Re8 27. Bf5 Rd5 28. Rc8
Rxc8 29. Be6+ Kf8 30. Bxd5 Nd7 31. Be6 Rc7 32. Bxg4 Nc5 33. Rc1 Be7 34. Bf3 Bd6
35. Nxc5 Bxc5 36. Rc3 Rf7 37. Rxc5 bxc5 38. b6 Re7 39. Bb7 1-0

[Event "38th Blackpool Congress 2014"]
[Site "Blackpool ENG"]
[Date "2014.03.09"]
[Round "4.6"]
[White "Horton, Andrew P"]
[Black "Fallowfield, Jeremy R"]
[Result "1-0"]
[WhiteElo "2108"]
[BlackElo "2039"]
[WhiteFideId "424269"]
[BlackFideId "405450"]
[EventDate "2014.03.07"]

1. Nf3 f5 2. c4 Nf6 3. g3 g6 4. d4 Bg7 5. b4 d6 6. Bb2 e5 7. dxe5 Ng4 8. Bg2
Nxe5 9. Qb3 Nbc6 10. Nbd2 Qe7 11. O-O Be6 12. Nxe5 dxe5 13. b5 Nd4 14. Bxd4 exd4
15. Bxb7 Rb8 16. Bc6+ Bd7 17. Bxd7+ Qxd7 18. Qa3 h5 19. Nf3 Bf6 20. Rad1 h4 21.
e3 hxg3 22. fxg3 Be7 23. Qxa7 1-0

[Event "38th Blackpool Congress 2014"]
[Site "Blackpool ENG"]
[Date "2014.03.09"]
[Round "4.7"]
[White "Surtees, Mike J"]
[Black "Britton, Richard L"]
[Result "1-0"]
[BlackTitle "FM"]
[WhiteElo "2091"]
[BlackElo "2230"]
[WhiteFideId "412619"]
[BlackFideId "401692"]
[EventDate "2014.03.07"]

1. e4 c5 2. c3 d5 3. f3 Nc6 4. d3 g6 5. g3 Bg7 6. Bg2 e6 7. h4 Qc7 8. f4 Nge7 9.
Nh3 b6 10. Nf2 Bb7 11. Nd2 h5 12. Qc2 O-O 13. Nf3 c4 14. d4 dxe4 15. Nxe4 Nf5
16. O-O Nce7 17. Nfg5 Bd5 18. Qf2 Qc6 19. Re1 f6 20. Nh3 Nh6 21. Re2 Ng4 22. Qf1
Nf5 23. Nhf2 Ngh6 24. Bd2 Rae8 25. Kh2 Re7 26. a4 a6 27. a5 b5 28. Nc5 Rfe8 29.
Qh1 Kf7 30. Rae1 Qa8 31. Rxe6 Bxg2 32. Rxe7+ Rxe7 33. Rxe7+ Nxe7 34. Qxg2 Qxg2+
35. Kxg2 Nc6 36. Nxa6 Nxa5 37. Nc7 Nb3 38. Be1 b4 39. Ne4 Bf8 40. Nd5 Ng4 41.
Kf3 Ke6 42. Nb6 Kf5 43. Nd2 Nh2+ 44. Kg2 Nxd2 45. Bxd2 Ke4 46. Nd7 Be7 47. Kxh2
Kd3 48. f5 gxf5 49. Bf4 b3 50. Nb6 Ba3 51. Bc1 Bd6 52. Na4 Be7 53. Bf4 Kc2 54.
d5 1-0

[Event "38th Blackpool Congress 2014"]
[Site "Blackpool ENG"]
[Date "2014.03.09"]
[Round "4.8"]
[White "Wheldon, Philip"]
[Black "Allen, Keith"]
[Result "1-0"]
[WhiteElo "2109"]
[BlackElo "2197"]
[WhiteFideId "407402"]
[BlackFideId "2501147"]
[EventDate "2014.03.07"]

1. b3 e6 2. Bb2 f5 3. e4 Nf6 4. exf5 exf5 5. Qe2+ Qe7 6. Bxf6 gxf6 7. Nc3 c6 8.
O-O-O Qxe2 9. Ncxe2 Na6 10. Nh3 d5 11. Kb2 Bd6 12. d4 Nc7 13. Nef4 O-O 14. Bd3
Re8 15. g3 Bd7 16. Rhe1 Rxe1 17. Rxe1 a5 18. a3 b5 19. Ng2 b4 20. axb4 axb4 21.
Nh4 Nb5 22. Bxf5 Be8 23. Be6+ Bf7 24. Bxf7+ Kxf7 25. Nf5 Kg6 26. Nxd6 Nxd6 27.
Nf4+ Kf5 28. Nd3 Nb5 29. Nxb4 Nxd4 30. c3 Nf3 31. Re3 Nxh2 32. Nxc6 Ng4 33. Rf3+
Kg5 34. b4 Ne5 35. Nxe5 fxe5 36. Rf7 h5 37. Kb3 Rd8 38. f4+ Kg6 39. Re7 exf4 40.
gxf4 d4 41. c4 d3 42. Re1 d2 43. Rd1 Kf5 44. c5 Kxf4 45. c6 Ke3 46. b5 Ke2 47.
c7 Rc8 48. Rxd2+ Kxd2 49. b6 h4 50. b7 Rxc7 51. b8=Q Rc3+ 52. Kb4 Re3 53. Kc4 h3
54. Qb2+ Ke1 55. Kd4 Rg3 56. Ke4 Kf1 57. Kf4 Rg2 58. Qc1+ Kf2 59. Qe3+ Kf1 60.
Kf3 Rc2 61. Qd3+ 1-0

[Event "38th Blackpool Congress 2014"]
[Site "Blackpool ENG"]
[Date "2014.03.09"]
[Round "5.1"]
[White "Sadler, Matthew D"]
[Black "Cherniaev, Alexander"]
[Result "1-0"]
[WhiteTitle "GM"]
[BlackTitle "GM"]
[WhiteElo "2645"]
[BlackElo "2430"]
[WhiteFideId "400173"]
[BlackFideId "4117301"]
[EventDate "2014.03.07"]

1. e4 c5 2. Nf3 Nc6 3. Bb5 e6 4. Bxc6 bxc6 5. d3 Ne7 6. Qe2 d5 7. b3 f6 8. e5
Ng6 9. Bb2 Be7 10. g3 O-O 11. Nbd2 a5 12. a4 Rb8 13. h4 Nh8 14. exf6 Bxf6 15.
Ne5 Qc7 16. f4 c4 17. dxc4 c5 18. O-O-O d4 19. Nd3 Be7 20. Nf3 Bb7 21. Rhe1 Bxf3
22. Qxf3 Rb6 23. Re4 Nf7 24. Rde1 Nd8 25. Ba3 Bd6 26. Qe2 Rc6 27. Kb1 Ra6 28.
Ka2 Rc6 29. Qg2 Ra6 30. R1e2 Qc8 31. Qh3 Qc7 32. Qh1 Qc8 33. Qe1 Qc7 34. Bc1 Ra7
35. Bd2 Ra6 36. h5 Ra7 37. g4 Ra6 38. Qh1 Ra7 39. Qh4 Be7 40. Qh3 Bd6 41. Bc1
Ra8 42. Ba3 Ra6 43. Qh4 Be7 44. Qe1 Bd6 45. Rf2 Rc6 46. Qe2 Qc8 47. f5 exf5 48.
Rxf5 Nb7 49. Rxf8+ Bxf8 50. Re8 Qd7 51. Qe4 Rc7 52. Rb8 Qe7 53. Qxe7 1-0

[Event "38th Blackpool Congress 2014"]
[Site "Blackpool ENG"]
[Date "2014.03.09"]
[Round "5.2"]
[White "Ledger, Dave J"]
[Black "Walker, David J"]
[Result "0-1"]
[WhiteTitle "FM"]
[BlackTitle "FM"]
[WhiteElo "2244"]
[BlackElo "2271"]
[WhiteFideId "401986"]
[BlackFideId "400882"]
[EventDate "2014.03.07"]

1. e4 e6 2. d4 d5 3. Nc3 Nf6 4. e5 Nfd7 5. f4 c5 6. Nf3 Nc6 7. Be3 Be7 8. Qd2
O-O 9. O-O-O b6 10. h4 f6 11. Bb5 Bb7 12. Ne2 Qc8 13. Kb1 fxe5 14. fxe5 cxd4 15.
Bxd4 Nc5 16. Bd3 Ba6 17. Bxc5 bxc5 18. Ng5 Bxd3 19. Qxd3 g6 20. Nf3 Rxf3 21.
Qxf3 Nxe5 22. Qg3 Bf6 23. h5 Rb8 24. hxg6 Rxb2+ 25. Kc1 Nxg6 26. Rxh7 Kxh7 27.
Rh1+ Kg7 28. Nf4 Rb1+ 29. Kd2 Rxh1 30. Qxg6+ Kf8 31. Qxf6+ Ke8 32. Nxe6 Kd7 33.
Nf8+ Kc7 34. Qe7+ Kc6 35. Qf6+ Kb7 36. Qf7+ Kc6 37. Qf6+ Kb5 38. Qb2+ Ka6 39.
Qf6+ Ka5 40. Qc3+ Kb6 41. Qf6+ Qc6 42. Qb2+ Kc7 43. Qe5+ Qd6 44. Qg7+ Kc8 45.
Ng6 d4 46. Ne7+ Kd8 47. Ng6 Rh5 48. Qg8+ Kc7 49. Qf7+ Qd7 50. Qf4+ Kb6 51. Ne5
Qd5 52. Qf6+ Ka5 53. Nf3 Rf5 54. Qe7 Ka6 55. a4 c4 56. Qe8 d3 57. c3 Rf7 58.
Qc8+ Rb7 59. Kc1 Ka5 60. Nd2 Kxa4 61. Nxc4 Qxg2 62. Qe8+ Kb3 63. Nd2+ Kxc3 64.
Qe5+ Kb4 65. Qd6+ Kb5 66. Qxd3+ Kc6 67. Qe4+ Qxe4 68. Nxe4 a5 69. Nc3 Kc5 70.
Kc2 Kb4 71. Nd5+ Kc5 72. Nc3 Rb4 73. Na2 Rh4 74. Kb3 a4+ 75. Kc3 Kb5 76. Kb2 Ka5
77. Ka3 Rh3+ 78. Kb2 a3+ 79. Kc2 Ka4 80. Nc3+ Kb4 81. Na2+ Kc4 82. Nc3 Rxc3+ 83.
Kb1 Kb3 84. Ka1 Rc1# 0-1

[Event "38th Blackpool Congress 2014"]
[Site "Blackpool ENG"]
[Date "2014.03.09"]
[Round "5.3"]
[White "Merriman, John"]
[Black "Hebden, Mark L"]
[Result "0-1"]
[BlackTitle "GM"]
[WhiteElo "2253"]
[BlackElo "2545"]
[WhiteFideId "402362"]
[BlackFideId "400084"]
[EventDate "2014.03.07"]

1. d4 Nf6 2. c4 g6 3. Nc3 Bg7 4. e4 d6 5. f3 O-O 6. Be3 c5 7. Nge2 Nc6 8. d5 Na5
9. Nc1 e6 10. Be2 a6 11. O-O exd5 12. cxd5 b5 13. a3 Nd7 14. Qc2 Ne5 15. b3 f5
16. Rb1 f4 17. Bf2 Bd7 18. Nd3 Rc8 19. Nxe5 Bxe5 20. Na2 g5 21. Nc1 c4 22. b4
Nb7 23. g4 h5 24. h3 Qf6 25. Bd1 Kg7 26. Bb6 Rh8 27. Rf2 Nd8 28. Rh2 Nf7 29. Qf2
Rb8 30. Ne2 hxg4 31. hxg4 Rxh2 32. Kxh2 Bxg4 33. fxg4 f3+ 0-1

[Event "38th Blackpool Congress 2014"]
[Site "Blackpool ENG"]
[Date "2014.03.09"]
[Round "5.4"]
[White "Surtees, Mike J"]
[Black "Fernandez, Daniel Howard"]
[Result "0-1"]
[BlackTitle "IM"]
[WhiteElo "2091"]
[BlackElo "2373"]
[WhiteFideId "412619"]
[BlackFideId "5801605"]
[EventDate "2014.03.07"]

1. e4 g6 2. d4 Bg7 3. c3 d6 4. f4 e5 5. dxe5 dxe5 6. Qxd8+ Kxd8 7. Nf3 exf4 8.
Bxf4 Be6 9. Na3 a6 10. O-O-O+ Kc8 11. Bc4 Bxc4 12. Nxc4 Nf6 13. Rhe1 Nc6 14. h3
Nd7 15. e5 Nc5 16. Bg5 b5 17. Ne3 Nxe5 18. Nxe5 Bxe5 19. Nd5 Bg3 20. Re7 Kb7 21.
Rxf7 Rhf8 22. Rxf8 Rxf8 23. Be7 Rf5 24. Bxc5 c6 25. Nb4 Rxc5 26. Rd7+ Kb6 27.
Rxh7 Rf5 28. Nd3 Rf1+ 29. Kd2 Rg1 30. Ke3 Rxg2 31. a3 Bd6 32. b4 c5 33. Rd7 Kc6
34. Ra7 c4 35. Rxa6+ Kd5 36. Nf4+ Bxf4+ 37. Kxf4 Rf2+ 38. Kg4 Rg2+ 39. Kf4 Rf2+
40. Kg4 Ke4 41. Rxg6 Rg2+ 42. Kh5 Rxg6 43. Kxg6 Kd3 44. h4 Kxc3 45. h5 Kb3 46.
h6 c3 47. h7 c2 48. h8=Q c1=Q 49. Qa8 Qxa3 50. Qf3+ Ka4 51. Qa8+ Kb3 52. Qf3+
Kxb4 53. Qf8+ Kb3 54. Qf3+ Ka2 55. Qf7+ Qb3 56. Qf2+ Ka3 57. Qa7+ Kb2 58. Qg7+
Qc3 59. Qb7 b4 60. Kf7 Qd2 61. Qe4 b3 62. Kg8 Ka1 63. Qa4+ Qa2 0-1

[Event "38th Blackpool Congress 2014"]
[Site "Blackpool ENG"]
[Date "2014.03.09"]
[Round "5.5"]
[White "Wheldon, Philip"]
[Black "Horton, Andrew P"]
[Result "1-0"]
[WhiteElo "2109"]
[BlackElo "2108"]
[WhiteFideId "407402"]
[BlackFideId "424269"]
[EventDate "2014.03.07"]

1. b3 e5 2. Bb2 Nc6 3. e3 g6 4. Nf3 Bg7 5. d4 e4 6. Nfd2 f5 7. c4 d6 8. Nc3 Nf6
9. b4 O-O 10. b5 Ne7 11. Be2 Kh8 12. a4 Qe8 13. Qc2 Bd7 14. Ra3 Qf7 15. O-O Rae8
16. Na2 g5 17. a5 Qg6 18. Nc3 Bc8 19. b6 axb6 20. Nb5 bxa5 21. Nxc7 Rd8 22. d5
Qf7 23. f3 Ng6 24. Nb5 exf3 25. Nxf3 Ne4 26. Rxa5 Bxb2 27. Qxb2+ Qg7 28. Qxg7+
Kxg7 29. Nfd4 Nc5 30. Nxd6 Rxd6 31. Rxc5 f4 32. Rc7+ Kh6 33. e4 Ne5 34. Rxc8 1-0

[Event "38th Blackpool Congress 2014"]
[Site "Blackpool ENG"]
[Date "2014.03.09"]
[Round "5.6"]
[White "Ashton, Adam G"]
[Black "Isherwood, Paul"]
[Result "1-0"]
[WhiteTitle "FM"]
[WhiteElo "2395"]
[BlackElo "2002"]
[WhiteFideId "410110"]
[BlackFideId "410314"]
[EventDate "2014.03.07"]

1. e4 d6 2. d4 Nf6 3. Nc3 e5 4. Nf3 Nbd7 5. Bc4 Be7 6. O-O O-O 7. Re1 c6 8. a4
b6 9. b3 a6 10. Bb2 Bb7 11. Bd3 b5 12. Ne2 Qb8 13. Ng3 g6 14. Qd2 Re8 15. c4
bxa4 16. bxa4 Bf8 17. Rab1 Qc7 18. c5 exd4 19. cxd6 Bxd6 20. Bxd4 Rab8 21. Qg5
Bf4 22. Qh4 Bxg3 23. hxg3 Nh5 24. g4 1-0

[Event "38th Blackpool Congress 2014"]
[Site "Blackpool ENG"]
[Date "2014.03.09"]
[Round "5.7"]
[White "Walton, Alan J"]
[Black "Fabri, Henrik"]
[Result "1-0"]
[WhiteTitle "CM"]
[WhiteElo "2104"]
[BlackElo "1948"]
[WhiteFideId "409898"]
[BlackFideId "403270"]
[EventDate "2014.03.07"]

1. d4 Nf6 2. Bg5 e6 3. e3 c5 4. c3 b6 5. Bd3 Bb7 6. Nf3 Be7 7. Nbd2 d5 8. Qe2
Nbd7 9. Bxf6 Bxf6 10. g4 e5 11. dxe5 Nxe5 12. Nxe5 Bxe5 13. O-O-O O-O 14. f4 d4
15. Rhf1 Bc7 16. exd4 cxd4 17. Nb3 Qf6 18. Nxd4 Bxf4+ 19. Kb1 Qe5 20. Qc2 g6 21.
Rde1 Qb8 22. Qf2 Be5 23. Bc4 Qc7 24. Bxf7+ Rxf7 25. Qxf7+ Qxf7 26. Rxf7 Kxf7 27.
Rxe5 Rd8 28. g5 Rd6 29. a4 a6 30. Kc2 Bg2 31. a5 b5 32. Rc5 Rd7 33. Re5 Rd6 34.
Kb3 Rd7 35. Ka3 Bd5 36. b3 Bg2 37. Kb4 Rc7 38. Re6 Bb7 39. Rf6+ Ke7 40. Ne6 Rd7
41. Nc5 1-0

[Event "38th Blackpool Congress 2014"]
[Site "Blackpool ENG"]
[Date "2014.03.09"]
[Round "5.8"]
[White "Abbas, Daniel"]
[Black "Wolstencroft, Darryl"]
[Result "1/2-1/2"]
[WhiteElo "1982"]
[BlackElo "2196"]
[WhiteFideId "423831"]
[BlackFideId "402958"]
[EventDate "2014.03.07"]

1. e4 e6 2. d4 d5 3. Nd2 Nf6 4. e5 Nfd7 5. Bd3 c5 6. c3 Nc6 7. Ne2 cxd4 8. cxd4
f6 9. exf6 Nxf6 10. O-O Bd6 11. Nf3 Qc7 12. Bg5 O-O 13. Rc1 g6 14. Ng3 Bf4 15.
Bxf4 Qxf4 16. Bb5 Bd7 17. Bxc6 Bxc6 18. Qe2 Ne4 19. Ne5 Rac8 20. Nxc6 Rxc6 21.
Rxc6 bxc6 22. Nxe4 dxe4 23. Re1 Qf6 24. Qe3 e5 25. dxe5 Qxe5 26. Qb3+ Kg7 27.
Qc2 Qd4 28. Rxe4 Rxf2 29. Qxf2 Qxe4 30. Qxa7+ Kh6 31. Qf2 1/2-1/2